| 000 | 00855nam a2200229Ia 4500 | ||
|---|---|---|---|
| 001 | 8769 | ||
| 003 | GE_BSU | ||
| 008 | 181216s||||||||xx |||||||||||||| ||und|| | ||
| 040 | _cGE_BSU | ||
| 080 | _a821.353.2-1+398.2(479.22) | ||
| 245 | _aირინოლა:სვანური ხალხური ლექსები | ||
| 245 | _bლექსები. | ||
| 245 | _cსვანურიდან გადმოიღო და შესავალი დაურთო დავით წერდიანმა | ||
| 260 | _aთბილისი. | ||
| 260 | _bსაბჭ.საქართველო | ||
| 260 | _c1968. | ||
| 300 | _a110გვ;20სმ. | ||
| 653 | _aირინოლა | ||
| 653 | _aლექსები. | ||
| 653 | _aსვანური ხალხური ლექსები | ||
| 942 | _cBK | ||
| 999 |
_c42079 _d42079 |
||